| 000 | 00718nam a2200289Ia 4500 | ||
|---|---|---|---|
| 005 | 20260324134218.0 | ||
| 008 | 008 260324s9999 xx 000 0 eng d | ||
| 020 | _a9780203055748 | ||
| 037 | _aEBOOK | ||
| 040 | _aCRL | ||
| 040 | _beng | ||
| 040 | _cCRL | ||
| 041 | _2eng | ||
| 041 | _aeng | ||
| 084 | _qCRL | ||
| 100 | _aBrian P. Levack; Brian P. Levack | ||
| 245 | 0 | _aDemonology, Religion, and Witchcraft | |
| 245 | 0 | _bNew Perspectives on Witchcraft, Magic, and Demonology | |
| 260 | _bTaylor and Francis | ||
| 260 | _c2002 | ||
| 365 | _a | ||
| 365 | _b255 | ||
| 856 | _uhttp://www.taylorfrancis.com/books/9780203055748 | ||
| 942 | _cEBOOK | ||
| 999 |
_c1795806 _d1795806 |
||